Представление документа в формате RUSMARC

ПолеНазваниеЗначение
  Тип записи a
  Библиографический уровень m
001 Контрольный номер 8643f14eb6ad419badc803a486fed020
005 Дата корректировки 20231129105837.2
010 Индекс ISBN __
a ISBN 978-5-04-160405-9
d Цена б/ц
101 Язык документа 0_
a Язык текста rus
102 Страна публикации __
a Страна публикации RU
200 Заглавие и сведения об ответственности 1_
e Сведения, относящиеся к заглавию с последними изменениями и дополнениями на 2022 год
a Заглавие План счетов бухгалтерского учета финансово-хозяйственной деятельности организаций и инструкция по его применению
b Общее обозначение материала Текст
210 Выходные данные 1_
a Место издания Москва:
c Издательство Эксмо
d Дата издания 2022
215 Физическое описание __
a Объем 112 с.
225 Серия 2_
a Серия Законы и кодексы
610 Ключевые слова 0_
a Ключевые слова официальное издание
a Ключевые слова бухгалтерский учет
a Ключевые слова план счетов
686 Индексы других классификаций __
a Классификационный индекс 65.052
801 Источник записи _0
a Страна RU
b Организация РУК
g Правила каталогизации PSBO
801 Источник записи _1
a Страна RU
b Организация РУК
g Правила каталогизации PSBO
852 Данные о местонахождении __
i Авторский знак П 37
j Шифр хранения ББК 65.052
901 Тип документа __
t Тип документа m
937 Технологическая информация __
a Создатель записи (имя) Михно
938 Служебная информация __
a Название организации Поволжский филиал
952 Тип литературы __
c Вид литературы офиц. изд.